Syndicalism and philosophical realism : (Record no. 3787)
[ view plain ]
| 000 -LEADER | |
|---|---|
| fixed length control field | 01098cam a2200289K 4500 |
| 001 - CONTROL NUMBER | |
| control field | 3787 |
| 003 - CONTROL NUMBER IDENTIFIER | |
| rucl marc code | BD-RjUL |
| 005 - DATE AND TIME OF LATEST TRANSACTION | |
| control field | 20211208233801.0 |
| 008 - FIXED-LENGTH DATA ELEMENTS--GENERAL INFORMATION | |
| fixed length control field | 131221s1919 enk o 00| 0 eng d |
| 035 ## - SYSTEM CONTROL NUMBER | |
| System control number | (OCoLC)ocn613922524 |
| System control number | (BD-RjUL)3821 |
| 040 ## - CATALOGING SOURCE | |
| Original cataloging agency | OCLCE |
| Language of cataloging | eng |
| Transcribing agency | OCLCE |
| Modifying agency | OCLCQ |
| 041 ## - LANGUAGE CODE | |
| Language code of text/sound track or separate title | eng |
| 082 04 - DEWEY DECIMAL CLASSIFICATION NUMBER | |
| Classification number | 149 |
| Author mark and year | SCS 1919. |
| 100 1# - MAIN ENTRY--PERSONAL NAME | |
| Personal name | Scott, J. W. |
| Fuller form of name | (John Waugh), |
| Dates associated with a name | b. 1878. |
| 9 (RLIN) | 12042 |
| 245 10 - TITLE STATEMENT | |
| Title | Syndicalism and philosophical realism : |
| Remainder of title | a study in the correlation of contemporary social tendencies / |
| Statement of responsibility, etc. | by J.W. Scott. |
| 260 ## - PUBLICATION, DISTRIBUTION, ETC. (IMPRINT) | |
| Place of publication, distribution, etc. | London, |
| Name of publisher, distributor, etc. | A. & C. Black LTD. |
| Date of publication, distribution, etc. | 1919. |
| 300 ## - PHYSICAL DESCRIPTION | |
| Pagination | 215 p.: |
| Size | 22 cm. |
| 504 ## - BIBLIOGRAPHY, ETC. NOTE | |
| Bibliography, etc | includes index |
| 506 ## - RESTRICTIONS ON ACCESS NOTE | |
| Materials specified | Use copy |
| Standardized terminology for access restriction | Restrictions unspecified |
| Source of term | star |
| Institution to which field applies | MiAaHDL |
| 650 #0 - SUBJECT ADDED ENTRY--TOPICAL TERM | |
| Topical term or geographic name as entry element | Syndicalism. |
| 9 (RLIN) | 12043 |
| Topical term or geographic name as entry element | Realism. |
| 9 (RLIN) | 3679 |
| 776 08 - ADDITIONAL PHYSICAL FORM ENTRY | |
| Relationship information | Print version: |
| Main entry heading | Scott, J.W. (John Waugh), b. 1878. |
| Title | Syndicalism and philosophical realism. |
| Place, publisher, and date of publication | London, A. & C. Black, 1919 |
| Record control number | (DLC) 19015339 |
| -- | (OCoLC)412185 |
| 856 40 - ELECTRONIC LOCATION AND ACCESS | |
| Materials specified | HathiTrust Digital Library |
| Uniform Resource Identifier | <a href="http://catalog.hathitrust.org/api/volumes/oclc/412185.html">http://catalog.hathitrust.org/api/volumes/oclc/412185.html</a> |
| 942 ## - ADDED ENTRY ELEMENTS (KOHA) | |
| Source of classification or shelving scheme | Dewey Decimal Classification |
| Koha item type | Books |
| Lost status | Source of classification or shelving scheme | Damaged status | Not for loan | Collection code | Permanent Location | Current Location | Shelving location | Date acquired | Source of acquisition | Cost, normal purchase price | Total Checkouts | Full call number | Date last seen | Copy number | Koha item type |
|---|---|---|---|---|---|---|---|---|---|---|---|---|---|---|---|
| Dewey Decimal Classification | Not For Loan | Non-fiction | Central Library, University of Rajshahi | Central Library, University of Rajshahi | Reading Room | 08/11/1956 | B. H Blackweu | 70.12 | 149 SCS 1919. | 21/12/2013 | C-1 | Books |